[Event "Passau op 6th"]
[Site "Passau"]
[Date "1998.04.11"]
[Round "4"]
[White "Spiegl, Wolfgang"]
[Black "Klimpel, Siegfried"]
[Result "1-0"]
[WhiteElo "1880"]
[BlackElo "1694"]
[PlyCount "53"]
[EventDate "1998.04.10"]
[EventType "swiss"]
[EventRounds "7"]
[EventCountry "GER"]
[SourceTitle "EXT 1999"]
[Source "ChessBase"]
[SourceDate "1998.11.16"]
[SourceVersion "1"]
[SourceVersionDate "1998.11.16"]
[SourceQuality "1"]

1. c4 f5 2. d4 g6 3. Nf3 Bg7 4. Nc3 Nf6 5. g3 d6 6. Bg2 c6 7. 0-0 0-0 8. d5 h6 9. Nd4 Bd7 10. e4 fxe4 11. Nxe4 Qc8 12. Re1 Bg4 13. Qd3 Nbd7 14. Nxf6+ Rxf6 15. dxc6 bxc6 16. Nxc6 Qf8 17. Be3 Bf3 18. Nxe7+ Qxe7 19. Bxf3 Rxf3 20. Qd5+ Qf7 21. Qxa8+ Kh7 22. Qd5 Qf8 23. Bd4 Bxd4 24. Qxd4 Ne5 25. Qxa7+ Kh8 26. Rxe5 dxe5 27. Rd1 1-0